000
00278nam a2200109Ia 4500
008
190906s9999||||xx |||||||||||||| ||und||
100
_a
Afaq Siddiqi
245
0
_a
Shakhseat Saaz : Adabi Mazaameen ka Majmoa
260
_a
Karachi
_b
Hira Matboaat
_c
2002
300
_a
192
942
_c
BK
999
_c
6168
_d
6168